000 01294 a2200217 4500
003 Nust
005 20230315121748.0
010 _a 93031074
020 _a0531111660
040 _cNust
082 0 0 _a500.954,GRE
100 1 _aGregory, Sir Richard
_9110307
245 1 0 _aExperimental Science for Indian Schools /
_cSir Richard Gregory, Bart and F W Hodges
260 _a London
_bMacmillan
_cc1946
300 _a479 p. :
_bill ;
_c24 cm.
440 3 _aAn experimental science book
_9110308
505 _aMeasurement of Space and Time (Page-1), Mass, Weight and Density (Page-31), Physical Properties and States of Matter (Page-41), Liquid Pressure (Page-57), Pressure of the Atmosphere (Page-73), Propagation Through Air (Page-95), Motion, Force, Gravity, Work and Power (Page-101), Parallel Forces (Page-119), Effects of Heat (Page-137), Quantity of Heat (Page-159), Transference of Heat (Page-195), Light (Page-217), Magnetism and Current Electricity (Page-245), Static Electricity (Page-281), Introductory Chemistry (Page-295), Burning and Rusting (Page-305), The Chief Gases of the Air (Page-323), Water (Page-341), Sulphur (Page-355), Carbon and Coal Combustion (Page-363).
650 0 _a Experimenting with science
_9110309
700 1 _aCollins, Betty.
_9110310
942 _2ddc
_cBK
999 _c179697
_d179697